00742nam a2200241 a 4500001001300000003000900013005001700022008004100039020002300080082001600103100001900119245005600138260004400194300000900238500003500247505002600282650001200308700001900320902000800339942000700347952012900354999001700483nice12345678IN_TiNIC20260116014803.0100329s2008 mica grp 000 0 eng  a9780802827050c85000a222.11bMCK aMckeown, James aGenesisb The Two Horizons Old Testament Commentary aMichiganbWilliam B.Eerdmans Pub c2008 a398p aincludes index and biblioraphy2 aBibliography, Indices aGenesis1 aMckeown, James bSRS cBK 001040708StackRoom-aHMIbHMId2010-04-13g850.00l3o222.11 MCKp023244r2023-07-21s2023-07-12v850.00w2010-03-29yBK c16967d16967